000 00295pam a2200121 a 4500
020 _c
041 _aeng
100 _aMathiessen.
245 _aAmerican Renasis Once Art & Experiance
_hTextual Documents
260 _aNew Delhi
_bOxford University Press
_c1971
300 _a678p.
930 _a15567
999 _c92467
_d92467